| 000 | 00493nam a2200169Ia 4500 | ||
|---|---|---|---|
| 005 | 20250923145214.0 | ||
| 008 | 008 250917s9999 xx 000 0 eng d | ||
| 037 | _aTextual | ||
| 040 |
_aDSWL _beng _cDSWL |
||
| 041 |
_aeng _2eng |
||
| 084 |
_aY12.4'N68s, N69 _qDSWL |
||
| 245 | 0 |
_aStatistics on children and youth _cby United Nations |
|
| 260 |
_bUnited Nations _c1969 |
||
| 300 | _avii,309p. | ||
| 942 |
_cTEXL _hY12.4'N68s, N69 |
||
| 999 |
_c1448444 _d1448444 |
||